Normal view MARC view

Entry Nome pessoal

Number of records used in: 1

001 - NÚMERO DE CONTROLE

  • campo de controle: 254

003 - IDENTIFICADOR DO NÚMERO DE CONTROLE

  • campo de controle: Br

005 - DATA E HORÁRIO DA ÚLTIMA TRANSAÇÃO

  • campo de controle: 20250127140440.0

008 - CAMPO DE DADOS FIXOS

  • campo de controle de tamanho fixo: 100708|| acnacaban aaaa d

035 ## - NÚMERO DE CONTROLE DO SISTEMA

  • Número de Controle do Sistema: 2010070811414767med

040 ## - FONTE DA CATALOGAÇÃO

  • Instituição da catalogação original: blrjbn
  • Instituição que transcreveu o registro: blrjbn

100 1# - CABEÇALHO--NOME PESSOAL

  • Nome pessoal: Noël, Alyson
  • Datas associadas ao nome: 1965-

670 ## - FONTE POSITIVA DOS DADOS

  • Citação da fonte positiva dos dados: Autora de: Para sempre. 2009
  • Dados encontrados na fonte localizada no subcampo: (orelha: nasceu na California)

670 ## - FONTE POSITIVA DOS DADOS

  • Citação da fonte positiva dos dados: http://authorities.loc.gov 6/11/2015

670 ## - FONTE POSITIVA DOS DADOS

  • Citação da fonte positiva dos dados: http://viaf.org/processed/NLI%7C000373521

670 ## - FONTE POSITIVA DOS DADOS

  • Citação da fonte positiva dos dados: http://en.wikipedia.org/wiki/Alyson_No%C3%ABl
  • Dados encontrados na fonte localizada no subcampo: (Alyson Noël é uma escritora americana)

670 ## - FONTE POSITIVA DOS DADOS

  • Citação da fonte positiva dos dados: http://viaf.org/processed/BIBSYS%7Cx10047028
  • Dados encontrados na fonte localizada no subcampo: (d.n.)

Powered by Koha